Loading...

India & China 1904-2004 A century of peace and conflict /

Bibliographic Details
Main Author: Deepak, B. R.
Language:Undetermined
Published: New Delhi : Manak Publications Pvt. Ltd. , 2005.
Subjects:
LEADER 00617nam a2200169Ia 4500
001 151099
008 170722s9999 xx 000 0 und d
020 |a 8178271125 
100 |a Deepak, B. R. 
245 |a India & China 1904-2004  |b A century of peace and conflict / 
260 |a New Delhi :  |b Manak Publications Pvt. Ltd. ,  |c 2005. 
300 |a xxiv+508 
653 |a Indian History 
923 |d 20070213  |n MBC-2480/0 
942 |c GEN 
999 |c 134792  |d 134792 
952 |0 0  |1 0  |4 0  |6 V_219_41_000000000000000_P04_P51  |7 0  |9 190194  |a LIB  |b LIB  |d 2013-03-25  |e Modern Book Centre  |o V2:19.41.P04 P5;1  |p 263931  |r 2017-08-12  |v 1000.00  |w 2017-08-12  |y GEN